zpět

Detail výsledku týmu

Kozlovna S-klub, Olomouc

Datum a čas kvízu

31.5 Celkem bodů Celkový počet nahraných bodů na tomto kvízu bez doplňovacích otázek.
6. Pořadí na kvízu Konečné umístění týmu na tomto kvízu.

Zaznamenané odpovědi

# Otázka Odpověď Body Výsledky
1. Jméno státního zástupce, dohlí... Jaroslav Šaroch 1
2. Novozélandští vědci zkoumali v... úhoř 1
3. Tato 31letá modelka, pyšnící s... Aneta Vignerová 1
4. Sociální síť Facebook oznámila... o seznamku 1
5. Na letošním posledním tenisové... dvouhra juniorů 1
6. V tomto tématu se podíváme na... Genesis 1
7. Svátek Roš ha-šana (jako větši... Nový rok 1
8. Jak se nazývá osmidenní židovs... Chanuka 1
9. Válka, jež vypukla 6. října 19... Jom kipur 1
10. Na závěr se vrátíme opět ke sv... B 1